书目信息 |
| 题名: |
海陆空天显神威:惯性技术纵横谈
|
|
| 作者: | 丁衡高 著 | |
| 分册: | ||
| 出版信息: | 广州 暨南大学出版社 2000.05 |
|
| 页数: | 132页 | |
| 开本: | 32开 | |
| 丛书名: | ||
| 单 册: | ||
| 中图分类: | O313.3-49 | |
| 科图分类: | ||
| 主题词: | 理论力学 , 一般力学 | |
| 电子资源: | ||
| ISBN: | 7-81029-928-X | |
| 000 | 00622nam0 2200205 45 | |
| 001 | 0010281028 | |
| 005 | 20001028103201.5 | |
| 010 | @a7-81029-928-X@d12.00元 | |
| 100 | @a20001028d2000 km y0chiy0120 ea | |
| 101 | 0 | @achi |
| 105 | @a z 000yy | |
| 200 | 1 | @a海陆空天显神威:惯性技术纵横谈@AHai Lu Kong Tian Xian Shen Wei:Guan Xing Ji Shu ZongHeng Tan@f丁衡高著@FDing Heng Gao Zhu |
| 210 | @a广州@c暨南大学出版社@d2000.05 | |
| 215 | @a132页@d32开 | |
| 606 | 0 | @a理论力学 |
| 606 | 0 | @a一般力学 |
| 690 | @aO313.3-49@v3 | |
| 701 | 0 | @a丁衡高@4著 |
| 801 | @aCN@bPftUser@c20001028 | |
| 905 | @b194039-043@dO313.3-49@eD268@f5 | |
| 海陆空天显神威:惯性技术纵横谈/丁衡高著.-广州:暨南大学出版社,2000.05 |
| 132页;32开 |
| ISBN 7-81029-928-X:12.00元 |
| ● |
| 相关链接 |
|
|
|
正题名:海陆空天显神威:惯性技术纵横谈
索取号:O313.3-49/D268
 
预约/预借
| 序号 | 登录号 | 条形码 | 馆藏地/架位号 | 状态 | 备注 |
| 1 | 194039 | 201940392 | 自科二线504/504自科库 48排3列3层/ [索取号:O313.3-49/D268] | 在馆 | |
| 2 | 194040 | 201940409 | 自科二线504/504自科库 48排3列3层/ [索取号:O313.3-49/D268] | 在馆 | |
| 3 | 194041 | 201940418 | 自科二线504/504自科库 50排6列4层/ [索取号:O313.3-49/D268] | 在馆 | |
| 4 | 194042 | 201940427 | 自科二线504/504自科库 48排3列3层/ [索取号:O313.3-49/D268] | 在馆 | |
| 5 | 194043 | 201940436 | 自科二线504/504自科库 50排6列4层/ [索取号:O313.3-49/D268] | 在馆 |